000 00257nam a2200109Ia 4500
005 20251222154432.0
008 251222s9999||||xx |||||||||||||| ||spa||
082 _a828.5/D44/1969/Ej.3
100 _a"Defoe, Daniel"
245 0 _aRobinson Crusoe
942 _cLIB
999 _c36478
_d36478